000
00253nam a22001217a 4500
082
_a
P-412
_b
P-412
245
_a
Mine Warfare 2000
260
_c
Project
300
_a
129 P, :
526
_a
0
_b
0
_c
0
_d
P_412_P412
650
_a
Project
942
_2
ddc
_c
BK
999
_c
551200
_d
551200